Chiffres romains, décimaux et binaires - Statistiques

Statistiques générales
  • Ce quiz a été pris 71 fois
  • Le résultat moyen est 4 sur 12
Statistiques - réponses
Hint Réponse % Correct
MMCMXLVIII 2948
82%
9 ² 81
57%
12 * 11 132
50%
18 ² 324
45%
528 : 3 176
41%
14 * 17 238
39%
10110111 183
34%
342 : 9 38
25%
DCXVI + XIV 630
20%
8 * V * 111 280
16%
10110 - 101 17
7%
CXIV + 1100100 214
0%
Aucun quiz correspondant
Distribution des résultats
% des personnes avec chaque résultat
Percentile par nombre de réponses
Votre historique - résultats
Vous n’avez pas pris ce quiz